La formación de profesionales reflexivos. Hacia un nuevo diseño de la enseñanza y el aprendizaje en las profesiones

Salvato in:
Dettagli Bibliografici
Autore principale: Schön, Donald A (Autore)
Natura: Libro
Lingua:spagnolo
Pubblicazione: Barcelona, España Paidós 1992
Serie:Temas de Educación,
Soggetti:
Accesso online:Disponible Online
Tags: Aggiungi Tag
Nessun Tag, puoi essere il primo ad aggiungerne!!

MARC

LEADER 00000cam a2200000 a 4500
001 UCW7477
003 CL-VaPUC
005 20240513100610.0
008 930311e19920000SP |||||||||||||||||spa|d
999 |c 220217  |d 220215 
020 |a 9788475097305 
040 |c Pontificia Universidad Católica de Valparaíso 
082 0 4 |a 378.013 SCH 1992  |2 21 
100 0 |a Schön, Donald A  |e author  |9 312628 
245 1 3 |a La formación de profesionales reflexivos.  |b Hacia un nuevo diseño de la enseñanza y el aprendizaje en las profesiones 
260 |a Barcelona, España   |b Paidós   |c 1992 
300 |a 310 páginas  
440 |a Temas de Educación,  |n  28  |9 860274 
583 |a last modification  |c 20140502 11:40:30  |k Rodrigo Vera 
650 0 |a Formación profesional   |9 257232 
650 0 |a Orientación profesional   |9 308504 
856 |u https://bibliografiadigital.pucv.cl/index.php/bibliotecapucv/catalog/book/264  |y Disponible Online 
942 |c BK  |2 ddc 
945 |d 19930311 00:00:00 
952 |0 0  |1 0  |4 0  |6 378_013000000000000_SCH_1992  |7 0  |8 A  |9 212142  |a BIBEDU  |b BIBEDU  |d 2019-11-15  |i 2803933  |l 2  |m 1  |o 378.013 SCH 1992  |p 2803933  |r 2023-05-10  |s 2023-05-03  |w 2019-11-15  |y BK  |k EDU 
952 |0 0  |1 0  |4 0  |6 378_013000000000000_SCH_1992  |7 0  |8 A  |9 212143  |a BIBEDU  |b BIBEDU  |d 2019-11-15  |i 2803941  |l 1  |o 378.013 SCH 1992  |p 2803941  |r 2023-03-29  |s 2023-03-21  |w 2019-11-15  |y BK  |k EDU 
952 |0 0  |1 0  |4 0  |6 378_013000000000000_SCH_1992  |7 0  |8 A  |9 212144  |a BIBEDU  |b BIBEDU  |d 2019-11-15  |i 3348695  |l 1  |o 378.013 SCH 1992  |p 3348695  |r 2023-05-11  |s 2023-05-09  |w 2019-11-15  |y BK  |k LIT 
952 |0 0  |1 0  |4 0  |6 378_013000000000000_SCH_1992  |7 0  |8 A  |9 212145  |a BIBHIS  |b BIBHIS  |d 2019-11-15  |i 3653587  |o 378.013 SCH 1992  |p 3653587  |r 2025-01-20  |w 2019-11-15  |y BK  |k HIS 
952 |0 0  |1 0  |3 erb  |4 0  |6 378_013000000000000_SCH_1992  |7 0  |8 A  |9 212146  |a BIBTEO  |b BIBTEO  |i 5071836  |o 378.013 SCH 1992  |p 5071836  |r 2025-01-17  |w 2019-11-15  |y BK  |z Catalogado en:20140508  |k ICR